000 00837nas a2200289 4500
001 BR0808190
003 BR-BrBNA
005 20231205112808.0
007 ta
008 230509b bl.|||p| |||| 00| 00por d
040 _aBR-BrBNA
_bpor
_cBiblioteca Nacional de Agricultura
041 _a(Pt)
072 _aQ02; Q01
100 1 _aLima, M.V.
100 1 _aVieira. H.D.
100 1 _aMartins, M.L.L.
100 1 _aPereira, S.de M. de F.
245 1 _aPreparo do café despolpado, cereja descascado e natural na região sudoeste da Bahia
650 _aCAFÉ
650 _aGRÃO
650 _aPRODUÇÃO
650 _aQUALIDADE
650 _aCOLHEITA
773 0 _tRevista Ceres (Brazil)
_xISSN 0034-737X
_g(Mar- Apr 2008), v. 55(2) p. 124-130
_wBR0808190
909 _a202311
_bLúcia
_c55
_dLúcia Elande
942 _2AGRIS
_n0
_cANA
999 _c200036
_d200036